000 00454nam a2200133 a 4500
008 120416s9999 ||||||||||||||||| || u
050 _aNA 109.G7 You
100 _aYoung, Geoffrey
245 1 0 _aConservation scene
246 _ahow buildings are protected
260 _a[1977]
350 _a0.00
995 _D0.00
_FCBU-MAIN LIBRARY (Kitwe)
_H1
_I0.00
_UAVAILABLE
_ZMain Library Open Access Collection
999 _c38460
_d38460